000 00527nam a22001817a 4500
999 _c193605
_d193605
005 20221104152400.0
010 _aENG-135602
020 _c550.00
_a978-1-5064-6449-7
035 _aEN-119133
037 _bDBAD/PUB
082 _a261.873
100 _aShimreingam L. Shimray
245 _aNegotiating peace/
_bShimreingam L. Shimray
260 _c2021
_bTheological Publication
_aDelhi
270 _aP.O.1585, Kashmiri Gate
_bDelhi
_e110006
300 _a200p
_c22cm(pbk)
942 _2ddc
_cEN
_mSHI
_h261.873